000 00234nam a2200097Ia 4500
008 190216s9999||||xx |||||||||||||| ||und||
100 _aSreedaran Moosath
245 0 _aVyavasayika Layakangal
260 _bKerala Basha Inst
942 _cBK
999 _c39063
_d39063